Top 11 Easiest Languages to Learn - Statistics

General Stats
  • This quiz has been taken 83 times
  • The average score is 7 of 11
Answer Stats
Language Groups Native Speakers Language % Correct
Germanic 983 Million English
97%
Germanic 129 Million German
91%
Romance 527 Million Spanish
79%
Romance 229 Million French
74%
Romance 66 Million Italian
70%
Romance 229 Million Portuguese
69%
Germanic 9.2 Million Swedish
64%
Sino-Tibetan 1.09 Billion Mandarin
60%
Germanic 5 Million Norwegian
59%
Sino-Tibetan 72 Million Cantonese
50%
Kra-Dai 44 Million Thai
16%
No matching quizzes found
Score Distribution
Percent of People with Each Score
Percentile by Number Answered
Your Score History
You have not taken this quiz